000 00341 a2200109 4500
001 ART_52117
005 20260410161822.0
008 260409a
245 1 0 _aEl allanamiento previo para regularizar deudas
100 1 _aVega, Gerardo E.
773 0 _tDoctrina Penal Tributaria y Económica
_g- N° 58 (dic. 2020)
_wREV4317
999 _c22472
_d22472